[Event "CrunchLab Masters PlayIn"]
[Site "Chess.com INT"]
[Date "2024.07.17"]
[Round "6"]
[White "Prohaszka, Peter"]
[Black "Pichot, Alan"]
[Result "1/2-1/2"]
[WhiteElo "2569"]
[BlackElo "2647"]
[PlyCount "193"]
[EventDate "2024.07.17"]
[EventType "swiss (rapid)"]
[EventRounds "9"]
[EventCountry "USA"]
[SourceTitle "CBM 221 Extra"]
[Source "ChessBase"]
[SourceDate "2024.09.30"]
[SourceVersion "1"]
[SourceVersionDate "2024.09.30"]
[SourceQuality "1"]

1. b3 c5 2. Bb2 Nc6 3. Nf3 Nf6 4. c4 g6 5. Bxf6 exf6 6. Nc3 f5 7. g3 Bg7 8. Rc1 b6 9. Bg2 Bb7 10. 0-0 Ne7 11. d4 d6 12. e3 0-0 13. Qd2 a6 14. Rfd1 Qc7 15. Ne1 cxd4 16. exd4 Rfd8 17. d5 Rac8 18. Ne2 Qd7 19. a4 b5 20. cxb5 axb5 21. a5 Rc5 22. Nf4 Rdc8 23. Ned3 Rc3 24. Rxc3 Bxc3 25. Qa2 b4 26. a6 Ba8 27. Nb2 Rc5 28. Nc4 Qc7 29. Qa4 Nc8 30. Nd3 Rxc4 31. bxc4 Qxc4 32. Nxb4 Bxb4 33. Rb1 Ne7 34. Qe8+ Kg7 35. Qxa8 Bc5 36. Rf1 f4 37. Qb7 Nf5 38. a7 fxg3 39. hxg3 Nxg3 40. Qb2+ Bd4 41. a8Q Bxb2 42. fxg3 Bd4+ 43. Kh1 Qe2 44. Qc8 f5 45. Qc7+ Kh6 46. Qc1+ Kg7 47. Qf4 Be5 48. Qh4 Bf6 49. Qh2 h5 50. Bh3 Qd3 51. Qg2 Be5 52. Qf3 Qd2 53. Bxf5 gxf5 54. Qxf5 Qxd5+ 55. Kh2 Qd2+ 56. Kh3 Qh6 57. Qf7+ Kh8 58. Qe8+ Kh7 59. Rf7+ Bg7 60. Qe4+ Qg6 61. Rf5 Kh6 62. Qf4+ Kh7 63. Qf3 Kh6 64. Qf4+ Kh7 65. Qe4 Kh6 66. Qe3+ Kh7 67. Qd3 Kh6 68. Kh2 Be5 69. Rf3 Qxd3 70. Rxd3 h4 71. Kh3 hxg3 72. Rd2 Kg5 73. Kg2 Kf4 74. Rd3 Ke4 75. Rd1 d5 76. Re1+ Kd4 77. Kf3 Bd6 78. Rd1+ Kc4 79. Rc1+ Kb5 80. Rb1+ Kc6 81. Rc1+ Kd7 82. Re1 Bc7 83. Rd1 Ke6 84. Re1+ Be5 85. Rh1 Kd6 86. Rg1 Kc5 87. Rd1 d4 88. Ke4 Kd6 89. Rd2 Ke6 90. Ra2 Bf6 91. Ra6+ Kf7 92. Kf5 Be7 93. Ra2 Bb4 94. Ke4 Be1 95. Rg2 Bf2 96. Rxg3 Bxg3 97. Kxd4 1/2-1/2

[Event "CrunchLab Masters PlayIn"]
[Site "Chess.com INT"]
[Date "2024.07.17"]
[Round "3"]
[White "Prohaszka, Peter"]
[Black "Svane, Rasmus"]
[Result "1-0"]
[WhiteElo "2569"]
[BlackElo "2633"]
[PlyCount "93"]
[EventDate "2024.07.17"]
[EventType "swiss (rapid)"]
[EventRounds "9"]
[EventCountry "USA"]
[SourceTitle "CBM 221 Extra"]
[Source "ChessBase"]
[SourceDate "2024.09.30"]
[SourceVersion "1"]
[SourceVersionDate "2024.09.30"]
[SourceQuality "1"]

1. b3 d5 2. Bb2 Nf6 3. Nf3 Bf5 4. g3 e6 5. Bg2 h6 6. 0-0 Be7 7. d3 0-0 8. Nbd2 a5 9. a3 Bh7 10. Re1 c5 11. Ne5 Nfd7 12. e4 Nxe5 13. Bxe5 Nc6 14. Bb2 dxe4 15. Nxe4 a4 16. Nd2 axb3 17. Bxc6 bxc6 18. Nxb3 c4 19. Qg4 Bg6 20. Qxc4 Qd5 21. Qg4 c5 22. Nd2 Rfb8 23. Bc3 Bg5 24. Nc4 Bf5 25. Qe2 Qc6 26. h4 Be7 27. Kh2 Bf8 28. Reb1 f6 29. Rxb8 Rxb8 30. a4 e5 31. a5 Ra8 32. Rb1 Qe6 33. Rb6 Qd7 34. Qf3 Ra7 35. Rb8 Bg4 36. Qe4 Bf5 37. Qf3 Qe6 38. Ne3 Bg6 39. Qd5 Qxd5 40. Nxd5 e4 41. Nf4 Bf5 42. dxe4 Bxe4 43. Ne6 Kf7 44. Nxf8 Bxc2 45. g4 g6 46. h5 g5 47. Ng6 1-0

[Event "Paracin op-A 17th"]
[Site "Paracin"]
[Date "2024.07.06"]
[Round "4"]
[White "Prohaszka, Peter"]
[Black "Aswath, S."]
[Result "1/2-1/2"]
[WhiteElo "2569"]
[BlackElo "2371"]
[PlyCount "114"]
[EventDate "2024.07.03"]
[EventType "swiss"]
[EventRounds "9"]
[EventCountry "SRB"]
[SourceTitle "CBM 221 Extra"]
[Source "ChessBase"]
[SourceDate "2024.09.30"]
[SourceVersion "1"]
[SourceVersionDate "2024.09.30"]
[SourceQuality "1"]

1. d4 d5 2. c4 e6 3. Nc3 Nf6 4. cxd5 exd5 5. Bg5 Bb4 6. e3 h6 7. Bh4 g5 8. Bg3 Ne4 9. Qc2 h5 10. f3 Nxg3 11. hxg3 Nc6 12. a3 Bxc3+ 13. Qxc3 Qd6 14. g4 h4 15. 0-0-0 Bd7 16. Nh3 f6 17. Bd3 0-0-0 18. Rhe1 Kb8 19. Kb1 Ne7 20. Rc1 c6 21. b4 Rhg8 22. Qc5 Qxc5 23. bxc5 f5 24. Nf2 fxg4 25. Nxg4 Bxg4 26. fxg4 Rgf8 27. Rf1 Ng8 28. Kc2 Rf6 29. Rf3 Rdf8 30. Rcf1 b6 31. Kd2 Kc7 32. Ke2 Rxf3 33. gxf3 bxc5 34. dxc5 Nh6 35. Rh1 Rb8 36. f4 Nxg4 37. Kf3 Nf6 38. fxg5 Nd7 39. Bh7 Nxc5 40. Rxh4 Ne6 41. Kg4 Rb3 42. Bf5 Rxe3 43. Bxe6 Rxe6 44. Kf5 Re8 45. g6 c5 46. g7 Rg8 47. Ke6 Rxg7 48. Kxd5 Kb6 49. Kc4 Rg6 50. Rf4 a6 51. Rh4 Rc6 52. Rh5 Rg6 53. Rh4 Rg3 54. Rh6+ Ka5 55. Kxc5 Rc3+ 56. Kd4 Rxa3 57. Kc4 Rg3 1/2-1/2

[Event "Paracin op-A 17th"]
[Site "Paracin"]
[Date "2024.07.04"]
[Round "2"]
[White "Prohaszka, Peter"]
[Black "Mazilu, Stefan Fabian"]
[Result "1/2-1/2"]
[WhiteElo "2569"]
[BlackElo "2063"]
[PlyCount "65"]
[EventDate "2024.07.03"]
[EventType "swiss"]
[EventRounds "9"]
[EventCountry "SRB"]
[SourceTitle "CBM 221 Extra"]
[Source "ChessBase"]
[SourceDate "2024.09.30"]
[SourceVersion "1"]
[SourceVersionDate "2024.09.30"]
[SourceQuality "1"]

1. d4 Nf6 2. Nf3 g6 3. Nbd2 d5 4. e3 Bg7 5. b4 0-0 6. c4 c6 7. a4 Bf5 8. Bb2 Nbd7 9. a5 Ne4 10. Be2 Ndf6 11. 0-0 Qd6 12. Nxe4 Nxe4 13. Qb3 Bg4 14. Qc2 f5 15. c5 Qc7 16. a6 b5 17. cxb6 Qxb6 18. Rfc1 Rac8 19. h3 Bxf3 20. gxf3 Nd6 21. f4 Bf6 22. Ra3 Qxb4 23. Rb3 Qa5 24. Ba3 Nb5 25. Bc5 Qxa6 26. Qb2 Rb8 27. Ra1 Qc8 28. Bxb5 cxb5 29. Bxa7 Rb7 30. Rxb5 Rxb5 31. Qxb5 Qc4 32. Qb7 Rf7 33. Bc5 1/2-1/2

[Event "Paracin op-A 17th"]
[Site "Paracin"]
[Date "2024.07.03"]
[Round "1"]
[White "Bukreev, Stanislav"]
[Black "Prohaszka, Peter"]
[Result "1/2-1/2"]
[WhiteElo "2195"]
[BlackElo "2569"]
[PlyCount "53"]
[EventDate "2024.07.03"]
[EventType "swiss"]
[EventRounds "9"]
[EventCountry "SRB"]
[SourceTitle "CBM 221 Extra"]
[Source "ChessBase"]
[SourceDate "2024.09.30"]
[SourceVersion "1"]
[SourceVersionDate "2024.09.30"]
[SourceQuality "1"]

1. d4 Nf6 2. c4 e6 3. Nf3 d5 4. Nc3 h6 5. Bf4 Bd6 6. Bxd6 Qxd6 7. c5 Qe7 8. e3 0-0 9. Be2 Nc6 10. Bb5 Bd7 11. Bxc6 Bxc6 12. Ne5 Be8 13. 0-0 Ne4 14. Qb3 Nxc3 15. bxc3 b6 16. Nd3 Bc6 17. a4 bxc5 18. Qa3 Rfb8 19. Rfb1 a5 20. Rxb8+ Rxb8 21. Nxc5 Qd6 22. Qa2 Be8 23. Rb1 Rb6 24. h3 Qd8 25. Rb3 Qb8 26. Na6 Qb7 27. Nc5 1/2-1/2

[Event "Budapest Spring op"]
[Site "Budapest"]
[Date "2024.05.29"]
[Round "7"]
[White "Prohaszka, Peter"]
[Black "Iliaguev, Nisim"]
[Result "1-0"]
[WhiteElo "2581"]
[BlackElo "2397"]
[PlyCount "71"]
[EventDate "2024.05.20"]
[EventType "swiss"]
[EventRounds "9"]
[EventCountry "HUN"]
[SourceTitle "CBM 220 Extra"]
[Source "ChessBase"]
[SourceDate "2024.07.31"]
[SourceVersion "1"]
[SourceVersionDate "2024.07.31"]
[SourceQuality "1"]

1. d4 Nf6 2. c4 e6 3. Nf3 Bb4+ 4. Bd2 Bxd2+ 5. Qxd2 d5 6. g3 0-0 7. Bg2 c6 8. a4 Ne4 9. Qc1 a5 10. 0-0 Na6 11. Nc3 Nb4 12. Rd1 Nd6 13. c5 Nf5 14. e4 dxe4 15. Nxe4 b6 16. Qc3 Ba6 17. Rd2 Ne7 18. Nd6 Ned5 19. Qa3 Rb8 20. Rc1 Qe7 21. h4 f6 22. Re1 bxc5 23. dxc5 Qa7 24. Rc1 e5 25. Bh3 Kh8 26. h5 Qe7 27. Bf5 Qa7 28. Nh4 Ne7 29. Be6 Nbd5 30. Qf3 Ng8 31. Bxg8 Kxg8 32. Rxd5 cxd5 33. Qxd5+ Rf7 34. Nhf5 Rbf8 35. c6 Bc8 36. c7 1-0

[Event "HUN-chT 2324"]
[Site "Hungary"]
[Date "2024.05.12"]
[Round "9.5"]
[White "Torma, Robert"]
[Black "Prohaszka, Peter"]
[Result "1/2-1/2"]
[WhiteElo "2415"]
[BlackElo "2578"]
[PlyCount "78"]
[EventDate "2023.10.28"]
[EventType "team-tourn"]
[EventRounds "9"]
[EventCountry "HUN"]
[SourceTitle "EXT 2025"]
[Source "ChessBase"]
[SourceDate "2024.10.14"]
[SourceVersion "1"]
[SourceVersionDate "2024.10.14"]
[SourceQuality "1"]
[WhiteTeam "Biatorbagy"]
[BlackTeam "Ajka Sentimento"]
[WhiteTeamCountry "HUN"]
[BlackTeamCountry "HUN"]

1. d4 d5 2. c4 e6 3. Nf3 Nf6 4. g3 Nc6 5. Bg2 Bd6 6. 0-0 0-0 7. c5 Be7 8. a3 a5 9. Nc3 b6 10. cxb6 cxb6 11. Bf4 Ba6 12. Re1 Rc8 13. Rc1 h6 14. h3 b5 15. Ne5 Nxe5 16. dxe5 Nd7 17. e4 d4 18. Qxd4 g5 19. Be3 Bc5 20. Qd1 Bxe3 21. Rxe3 Nxe5 22. Bf1 Qxd1 23. Rxd1 Nc4 24. Bxc4 Rxc4 25. Rd6 Ra8 26. b3 Rc7 27. Rb6 b4 28. axb4 axb4 29. Rxb4 Rac8 30. Rb6 Rxc3 31. Rxc3 Rxc3 32. Rxa6 Rxb3 33. Kg2 Kg7 34. Ra5 Kf6 35. g4 Rb8 36. Kg3 Kg6 37. f3 Rb3 38. Rc5 Ra3 39. Rb5 Rc3 1/2-1/2

[Event "Titled Tuesday intern op 27th Feb Early"]
[Site "Chess.com INT"]
[Date "2024.02.27"]
[Round "3"]
[White "Bluebaum, Matthias"]
[Black "Prohaszka, Peter"]
[Result "1/2-1/2"]
[WhiteElo "2658"]
[BlackElo "2578"]
[PlyCount "62"]
[EventDate "2024.02.27"]
[EventType "swiss (blitz)"]
[EventRounds "11"]
[EventCountry "USA"]
[SourceTitle "EXT 2025"]
[Source "ChessBase"]
[SourceDate "2024.10.14"]
[SourceVersion "1"]
[SourceVersionDate "2024.10.14"]
[SourceQuality "1"]

1. d4 d5 2. c4 e6 3. Nc3 Nf6 4. cxd5 exd5 5. Bg5 c6 6. e3 Bf5 7. Nge2 h6 8. Bf4 Bd6 9. Ng3 Be6 10. Bxd6 Qxd6 11. Bd3 Nbd7 12. 0-0 0-0 13. Qd2 Rfe8 14. f3 c5 15. Nb5 Qb6 16. dxc5 Nxc5 17. Nd4 Nxd3 18. Qxd3 Nd7 19. b3 Ne5 20. Qb5 Nc6 21. Qxb6 axb6 22. Nge2 Ra3 23. Nb5 Ra5 24. a4 Bd7 25. Kf2 Nb4 26. Ned4 Bxb5 27. axb5 Nd3+ 28. Ke2 Nf4+ 29. Kf2 Nd3+ 30. Ke2 Nf4+ 31. Kf2 Nd3+ 1/2-1/2